00705nam a22001817a 4500003000900000008004100009040007100050082001900121100002000140245009400160260005300254300004000307505010000347650001200447650001800459650002500477650002100502AR-CdUCM190226b           ||||| |||| 00| 0 spa d  aMUNICIPALIDAD PROVINCIAL DEL CUSCOcBIBLIOTECA MUNICIPAL DEL CUSCO  a792.8 /bSA161  aSalazar, Adolfo  aLa Danza y el Ballet :bIntroducción al Conocimiento de la danza de arte y del ballet /  aMéxico :bFondo de Cultura Económica,c1955.  a263 paginas ;b50 imagenes.c17 cm.  aLa danza -- La danza primitiva -- El oriente anterior -- Egipto -- Grecia -- El renacimiento...  aTeatros  aDanza y artes  aesculturales cuerpos  aGimnasia ritmica